00780nas a2200217Ia 4500001001100000003000900011008004100020040001300061040001300074041001300087100004700100210002300147222002300170245016500193250001100358260002100369501008600390300001500476362003500491650003600526R026/43586IT-RoPAU151124c99999999xx |||||||||||| ||und|| aIT-RoPAU cIT-RoPAU aITALIANO aCompagnucci AldogCodice Aut. SPICS: 22211 aNOSTRO CINEMA (IL) aNostro Cinema (Il) aNOSTRO CINEMA, ANNO 22-N.260 (OTTOBRE 1984)bQuali Prospettive Teatrali Per la Sala Della Comunita'?-E' Possibile Da Dilettanti Fare Teatro Con Professionalita' a1a ed. aROMAbACECc1984 bPaulus - SPICS - Società San Paolo EM (non-commercial uses only)cCopyright2015 a1 p. [3-3] aANNO 022, N.260 (OTTOBRE 1984) aCINEMAvPUBBLICAZIONE PERIODICA